000 00787nam a2200229 a 4500
001 000029146
005 20250702115122.0
008 110413s2007 dr r 000 0 spa d
040 _aDO-SdBNP
_bspa
_cBNPHU
082 _a791.43
_bS211c
100 1 _aSánchez, Federico
_926611
245 1 0 _aCine :
_bentre el arte y la industria del espectáculo /
_cFederico Sánchez.
260 _aSanto Domingo :
_b[s. n.],
_c2007.
300 _a103p. ;
_c14 cm.
500 _aLa biblioteca posee la separata.
590 _aInventariado, 2018/BT
650 0 _aCrítica cinematográfica
_956051
650 4 _aReseñas de películas cinematográficas
_937967
650 4 _aCine
_xApreciación
_946405
650 4 _aCine
_xArgumentos, tramas, etc.
_946406
910 _aValidado. Control de calidad. MFF
999 _c28638
_d28638